01429cam a22003613a 450000100040000000500170000400800410002102000260006202000230008804001800011105000170029108200080030810000260031624500510034226000350039330000240042849000370045250000260048950000280051550500080054352001510055152100200070252100200072265000220074265000200076465000250078465500310080965500300084090600450087094200150091599900130093095201240094399520230815150513.0210629s1990 nyu j 000 1 eng d a9780590424950q(pbk.) a0590424955q(pbk.) aJEDbengcJEDdOHIdYQRdVYLdOCLdBTCTAdXP#dYDXCPdOCLCGdBRENTdOCLCQdOCLCAdOCLCFdOCLCQdOCLCOdOCLCQdMQ9dOCLCOdNZASPdMWBdOCLCQdCCHGZdKF6dJDPdOCLCOdVNHANdDLC00aPZ7.M3567585 aFic1 aMartin, Ann M.d1955-10aClaudia and the great search /cAnn M. Martin. aNew York :bScholastic,c1990. a151 pages :c20 cm.1 aThe Baby-sitters Club ;vBook 33 a"An Apple paperback." a"RL4"--Page 4 of cover. aR  aThirteen-year-old Claudia concludes that she is adopted since she sees no resemblance between herself and her brainy older sister whom she rivals. a740 bLexile  aR bRaz-plus  0aSistersvFiction. 0aClubsvFiction. 0aFriendshipvFiction. 7aYoung adult fiction.2lcsh 7aChildren's stories.2lcsh a7bcbcccopycatd2encipf20gy-genrareb 2ddccBKn0 c995d995 00102ddc40708FICa001b001cTTPd2023-07-18l0oMAR Fic PZ7.M3567585pFIS00567r2025-04-23 11:02:17w2023-07-18yBK